[Event "Divcibare Narcis op"]
[Site "Divcibare"]
[Date "2018.10.05"]
[Round "6"]
[White "Ivanov, Mikhail M"]
[Black "Kokeza, Mirko"]
[Result "1-0"]
[WhiteElo "2367"]
[BlackElo "2203"]
[PlyCount "51"]
[EventDate "2018.09.30"]
[EventType "swiss"]
[EventRounds "9"]
[EventCountry "SRB"]
[SourceTitle "CBM 187 Extra"]
[Source "ChessBase"]
[SourceDate "2018.11.04"]
[SourceVersion "1"]
[SourceVersionDate "2018.11.04"]
[SourceQuality "1"]

1. d4 g6 2. c4 Bg7 3. e4 Nc6 4. Ne2 e5 5. dxe5 Nxe5 6. Nf4 d6 7. Be2 Nf6 8. Nc3 c6 9. 0-0 0-0 10. b3 Ne8 11. Bb2 f5 12. exf5 Bxf5 13. Nd3 Bxd3 14. Bxd3 Qh4 15. Be2 Nf6 16. Qxd6 Nfg4 17. Bxg4 Qxg4 18. h3 Qf4 19. Rad1 Rae8 20. Kh1 Qh4 21. Rde1 Qh5 22. Re4 Rd8 23. Qe6+ Kh8 24. Nd5 cxd5 25. Rxe5 Qh6 26. cxd5 1-0

[Event "Novi Sad Hotel Sajam op 02A"]
[Site "Novi Sad"]
[Date "2016.02.05"]
[Round "1"]
[White "Kokeza, Mirko"]
[Black "Petrov, Martin"]
[Result "0-1"]
[WhiteElo "2171"]
[BlackElo "2440"]
[PlyCount "62"]
[EventDate "2016.02.05"]
[EventType "swiss"]
[EventRounds "9"]
[EventCountry "SRB"]
[SourceTitle "CBM 171 Extra"]
[Source "ChessBase"]
[SourceDate "2016.04.26"]
[SourceVersion "1"]
[SourceVersionDate "2016.04.26"]
[SourceQuality "1"]

1. d4 Nf6 2. c4 e6 3. a3 d5 4. Nc3 Be7 5. Nf3 0-0 6. Bf4 c5 7. cxd5 exd5 8. dxc5 Bxc5 9. e3 Nc6 10. Be2 Be6 11. 0-0 Rc8 12. b4 Be7 13. Na4 Ne4 14. Rc1 Bf6 15. Nc5 Bb2 16. Nxb7 Qe7 17. Rxc6 Rxc6 18. Na5 Rc3 19. Be5 Bxa3 20. b5 Rc1 21. Nc6 Qc5 22. Qa4 Rxf1+ 23. Bxf1 Qc1 24. Qxa7 Bg4 25. Ncd4 Bc5 26. Qa6 Bxf3 27. b6 Qe1 28. Bg3 Nxg3 29. hxg3 Bxd4 30. exd4 Bg4 31. b7 Qe8 0-1

[Event "Vojvodina-chT"]
[Site "Novi Sad"]
[Date "2015.11.17"]
[Round "9.2"]
[White "Kokeza, Mirko"]
[Black "Varga, Zoltan"]
[Result "0-1"]
[WhiteElo "2253"]
[BlackElo "2447"]
[PlyCount "54"]
[EventDate "2015.11.10"]
[EventType "team-tourn"]
[EventRounds "9"]
[EventCountry "SRB"]
[SourceTitle "CBM 169 Extra"]
[Source "ChessBase"]
[SourceDate "2015.12.18"]
[SourceVersion "1"]
[SourceVersionDate "2015.12.18"]
[SourceQuality "1"]
[WhiteTeam "Beska Hajduk"]
[BlackTeam "Backa Pacir"]
[WhiteTeamCountry "SRB"]
[BlackTeamCountry "SRB"]

1. e4 d6 2. d4 Nf6 3. Nc3 Nbd7 4. Nf3 e5 5. Bc4 Be7 6. Bxf7+ Kxf7 7. Ng5+ Kg8 8. Ne6 Qe8 9. Nxc7 Qg6 10. 0-0 Rb8 11. f4 exd4 12. N3b5 b6 13. Nxd4 Bb7 14. Nf5 Bf8 15. Ng3 Nxe4 16. f5 Qf7 17. Bf4 Nxg3 18. Bxg3 Nc5 19. Nb5 Ne4 20. Nd4 Qd5 21. Rf3 Ng5 22. c4 Nxf3+ 23. gxf3 Qf7 24. Qd3 h5 25. Ne6 h4 26. Ng5 Qf6 27. Bf4 Rh5 0-1

[Event "Vojvodina-chT"]
[Site "Novi Sad"]
[Date "2015.11.16"]
[Round "8.2"]
[White "Vasic, Lazar"]
[Black "Kokeza, Mirko"]
[Result "1-0"]
[WhiteElo "2059"]
[BlackElo "2253"]
[PlyCount "95"]
[EventDate "2015.11.10"]
[EventType "team-tourn"]
[EventRounds "9"]
[EventCountry "SRB"]
[SourceTitle "CBM 169 Extra"]
[Source "ChessBase"]
[SourceDate "2015.12.18"]
[SourceVersion "1"]
[SourceVersionDate "2015.12.18"]
[SourceQuality "1"]
[WhiteTeam "Novo Selo Bora Ivkov"]
[BlackTeam "Beska Hajduk"]
[WhiteTeamCountry "SRB"]
[BlackTeamCountry "SRB"]

1. e4 g6 2. d4 Bg7 3. Nc3 c5 4. Nf3 cxd4 5. Nxd4 Nc6 6. Be3 Nf6 7. Bc4 0-0 8. Bb3 a5 9. f3 d5 10. exd5 Nb4 11. Ndb5 a4 12. Bc4 a3 13. 0-0 axb2 14. Rb1 Bf5 15. Rf2 Ra5 16. a4 Qc8 17. Bb3 Ra6 18. Bd4 Rd8 19. Qd2 Nbxd5 20. Nxd5 Nxd5 21. Bxg7 Kxg7 22. Qd4+ Nf6 23. Qxb2 h5 24. Qe5 Qd7 25. h4 Rc6 26. Re1 Be6 27. Qb2 Bxb3 28. cxb3 Re6 29. Rfe2 Rxe2 30. Rxe2 Qd1+ 31. Kh2 Rd7 32. Qc2 Qf1 33. Rf2 Qe1 34. Qe2 Qc1 35. Qe5 Rd1 36. Re2 Rh1+ 37. Kg3 Qg1 38. Qg5 Qh2+ 39. Kf2 Qg1+ 40. Kg3 e6 41. Qe5 Qh2+ 42. Kf2 Qxh4+ 43. Ke3 Re1 44. Nd6 Kh7 45. Kd3 Rd1+ 46. Rd2 Rxd2+ 47. Kxd2 Qf2+ 48. Qe2 1-0

[Event "Novi Sad Hotel Sajam op 11"]
[Site "Novi Sad"]
[Date "2015.11.03"]
[Round "4"]
[White "Kokeza, Mirko"]
[Black "Marholev, Dimitar"]
[Result "1/2-1/2"]
[WhiteElo "2253"]
[BlackElo "2291"]
[PlyCount "65"]
[EventDate "2015.11.01"]
[EventType "swiss"]
[EventRounds "9"]
[EventCountry "SRB"]
[SourceTitle "CBM 169 Extra"]
[Source "ChessBase"]
[SourceDate "2015.12.18"]
[SourceVersion "1"]
[SourceVersionDate "2015.12.18"]
[SourceQuality "1"]

1. d4 Nf6 2. c4 c5 3. d5 e6 4. Nc3 exd5 5. cxd5 d6 6. e4 g6 7. f4 Bg7 8. Bb5+ Nfd7 9. a4 0-0 10. Nf3 Na6 11. 0-0 Nb4 12. Re1 a6 13. Bf1 Re8 14. Nd2 Bd4+ 15. Kh1 Nf6 16. Be2 Be3 17. e5 dxe5 18. fxe5 Nfxd5 19. Nxd5 Nxd5 20. Ne4 Bxc1 21. Rxc1 Rxe5 22. Rxc5 Be6 23. Bc4 Rxe4 24. Rxe4 Nc3 25. Qxd8+ Rxd8 26. Re1 Nxa4 27. Rc7 Bxc4 28. Rxc4 Nxb2 29. Rc2 Na4 30. Rc7 b6 31. Kg1 Nc5 32. Ree7 Rf8 33. Rc6 1/2-1/2

[Event "Novi Sad Hotel Sajam op"]
[Site "Novi Sad"]
[Date "2015.10.29"]
[Round "5"]
[White "Mitali, Madhukar Patil"]
[Black "Kokeza, Mirko"]
[Result "1-0"]
[WhiteElo "1834"]
[BlackElo "2253"]
[PlyCount "45"]
[EventDate "2015.10.26"]
[EventType "swiss"]
[EventRounds "9"]
[EventCountry "SRB"]
[SourceTitle "CBM 169 Extra"]
[Source "ChessBase"]
[SourceDate "2015.12.18"]
[SourceVersion "1"]
[SourceVersionDate "2015.12.18"]
[SourceQuality "1"]

1. e4 g6 2. d4 Bg7 3. Nc3 c5 4. Nf3 cxd4 5. Nxd4 Nc6 6. Be3 Nf6 7. Nxc6 bxc6 8. e5 Nd5 9. Nxd5 cxd5 10. Bd4 0-0 11. Bd3 e6 12. 0-0 a5 13. Qe2 Qc7 14. a4 d6 15. f4 dxe5 16. fxe5 Qe7 17. Qe3 Re8 18. Rf3 Ba6 19. Raf1 Bxd3 20. cxd3 Qd7 21. Rxf7 Qxa4 22. Qf2 Rf8 23. Bc5 1-0

[Event "Novi Sad Hotel Sajam op"]
[Site "Novi Sad"]
[Date "2015.10.28"]
[Round "4"]
[White "Kokeza, Mirko"]
[Black "Jovic, Stevan"]
[Result "1/2-1/2"]
[WhiteElo "2253"]
[BlackElo "2154"]
[PlyCount "31"]
[EventDate "2015.10.26"]
[EventType "swiss"]
[EventRounds "9"]
[EventCountry "SRB"]
[SourceTitle "CBM 169 Extra"]
[Source "ChessBase"]
[SourceDate "2015.12.18"]
[SourceVersion "1"]
[SourceVersionDate "2015.12.18"]
[SourceQuality "1"]

1. d4 Nf6 2. Nf3 g6 3. c4 Bg7 4. Nc3 0-0 5. Bf4 d6 6. h3 c5 7. d5 Qb6 8. Qb3 Qxb3 9. axb3 Na6 10. e4 Nb4 11. Kd2 e5 12. Be3 Bd7 13. Ne1 Nh5 14. Be2 Nf4 15. g3 Nxe2 16. Nxe2 1/2-1/2

[Event "Novi Sad op"]
[Site "Novi Sad"]
[Date "2015.04.06"]
[Round "2"]
[White "Radlovacki, Jovan"]
[Black "Kokeza, Mirko"]
[Result "1-0"]
[WhiteElo "2398"]
[BlackElo "2248"]
[PlyCount "61"]
[EventDate "2015.04.05"]
[EventType "swiss"]
[EventRounds "9"]
[EventCountry "SRB"]
[SourceTitle "CBM 166 Extra"]
[Source "ChessBase"]
[SourceDate "2015.06.18"]
[SourceVersion "1"]
[SourceVersionDate "2015.06.18"]
[SourceQuality "1"]

1. e4 g6 2. d4 Bg7 3. Nc3 c5 4. d5 d6 5. Be3 Na6 6. Qd2 Nf6 7. h3 Nc7 8. a4 b6 9. g3 h5 10. Bg2 Rb8 11. Nge2 Ba6 12. 0-0 Bxe2 13. Nxe2 Nd7 14. Rad1 b5 15. axb5 Nxb5 16. b3 c4 17. bxc4 Na3 18. Bd4 Nxc4 19. Qc3 Nb2 20. Bxg7 Nxd1 21. Rxd1 Rg8 22. Bd4 Rc8 23. Qd2 Qc7 24. Ra1 Nb6 25. c3 h4 26. gxh4 a5 27. Qh6 Nc4 28. Qh7 Kd7 29. Qxf7 Rcf8 30. Qe6+ Kd8 31. Bf3 1-0

[Event "Vojvodina-chT"]
[Site "Kac"]
[Date "2014.11.14"]
[Round "10.4"]
[White "Stamenkovic, Aleksandar"]
[Black "Kokeza, Mirko"]
[Result "1-0"]
[WhiteElo "2284"]
[BlackElo "2265"]
[PlyCount "117"]
[EventDate "2014.11.08"]
[EventType "team-tourn"]
[EventRounds "11"]
[EventCountry "SRB"]
[SourceTitle "EXT 2017"]
[Source "ChessBase"]
[SourceDate "2016.10.25"]
[SourceVersion "1"]
[SourceVersionDate "2016.10.25"]
[SourceQuality "1"]

1. d4 d5 2. c4 e5 3. dxe5 d4 4. Nf3 Nc6 5. a3 Nge7 6. e3 Bg4 7. Be2 d3 8. Qxd3 Qxd3 9. Bxd3 Bxf3 10. gxf3 Nxe5 11. Be2 g6 12. f4 Nd7 13. Bd2 Bg7 14. Bc3 0-0 15. Bxg7 Kxg7 16. Nc3 c6 17. 0-0-0 Rfd8 18. Kc2 a5 19. Na4 Nf6 20. Bf3 Nf5 21. Nc3 Nh4 22. Be2 Kf8 23. Rxd8+ Rxd8 24. Rg1 Re8 25. h3 h6 26. Rd1 Ke7 27. Bd3 Rd8 28. b4 axb4 29. axb4 Ra8 30. Be2 Nd7 31. Rg1 Nf6 32. Rb1 Nd7 33. Rg1 Nf6 34. Kb2 h5 35. Kb3 b6 36. Na4 Rb8 37. Nc3 Ra8 38. Rd1 Rd8 39. Rxd8 Kxd8 40. Kc2 Kc7 41. Kd3 Nd7 42. Bf1 Nf5 43. e4 Ng7 44. h4 f5 45. f3 Nf8 46. b5 Nd7 47. bxc6 Kxc6 48. Nd5 Kd6 49. Bh3 Nc5+ 50. Kd4 Nge6+ 51. Ke3 Na4 52. exf5 gxf5 53. Bxf5 Ng7 54. Bc2 b5 55. cxb5 Kxd5 56. Bxa4 Nf5+ 57. Kf2 Kc5 58. Bc2 Ne7 59. Bd3 1-0

[Event "Vojvodina-chT"]
[Site "Kac"]
[Date "2014.11.13"]
[Round "8.5"]
[White "Vujadinovic, Goran"]
[Black "Kokeza, Mirko"]
[Result "1-0"]
[WhiteElo "2346"]
[BlackElo "2265"]
[PlyCount "79"]
[EventDate "2014.11.08"]
[EventType "team-tourn"]
[EventRounds "11"]
[EventCountry "SRB"]
[SourceTitle "EXT 2017"]
[Source "ChessBase"]
[SourceDate "2016.10.25"]
[SourceVersion "1"]
[SourceVersionDate "2016.10.25"]
[SourceQuality "1"]

1. e4 d5 2. Nc3 d4 3. Nce2 e5 4. Ng3 g6 5. Bc4 h5 6. h3 h4 7. Nf1 Nc6 8. Nf3 Bh6 9. b4 Qe7 10. c3 Nf6 11. Qa4 Nd7 12. Bd5 Ncb8 13. cxd4 c6 14. Bb3 exd4 15. d3 Bxc1 16. Rxc1 Ne5 17. Nxe5 Qxe5 18. Nd2 Qg5 19. b5 0-0 20. Qxd4 cxb5 21. Qc5 Qf4 22. Nf3 Nc6 23. Qe3 Ne5 24. Nxe5 Qxe5 25. d4 Qe7 26. 0-0 a5 27. Rc5 a4 28. Bd5 b6 29. Rxb5 Rb8 30. Rfb1 Qf6 31. e5 Qd8 32. e6 fxe6 33. Bxe6+ Kh7 34. d5 Qf6 35. Rxb6 Rxb6 36. Rxb6 Qa1+ 37. Kh2 Qxa2 38. Bxc8 Qxd5 39. Qe7+ Rf7 40. Qxf7+ 1-0

[Event "Vojvodina-chT"]
[Site "Kac"]
[Date "2014.11.09"]
[Round "2"]
[White "Kokeza, Mirko"]
[Black "Drazic, Sinisa"]
[Result "0-1"]
[WhiteElo "2265"]
[BlackElo "2429"]
[PlyCount "106"]
[EventDate "2014.11.08"]
[EventType "team-tourn"]
[EventRounds "11"]
[EventCountry "SRB"]
[SourceTitle "EXT 2016"]
[Source "ChessBase"]
[SourceDate "2015.10.08"]
[SourceVersion "1"]
[SourceVersionDate "2015.10.08"]
[SourceQuality "1"]

1. Nf3 Nf6 2. b3 e6 3. Bb2 c5 4. e3 b6 5. d4 Bb7 6. Nbd2 d6 7. Bd3 Nbd7 8. 0-0 Qc7 9. e4 cxd4 10. Bxd4 Be7 11. Qe2 0-0 12. c4 Rfd8 13. Rac1 Rac8 14. Bb2 Ne5 15. Nd4 Nxd3 16. Qxd3 a6 17. Rfe1 Nd7 18. b4 Bf6 19. Rc2 Qb8 20. Rec1 h6 21. Qg3 Ba8 22. f3 Kh7 23. N2b3 Qc7 24. Qf2 Bc6 25. Nxc6 Qxc6 26. Bxf6 Nxf6 27. c5 dxc5 28. bxc5 b5 29. Na5 Qc7 30. Qe1 Nd7 31. Qb4 Ne5 32. Qc3 Nd3 33. Nb3 Nxc1 34. Rxc1 e5 35. Qb4 Qd7 36. h3 Rc7 37. Qa5 Rc6 38. Kh2 Qd3 39. Qe1 Qd7 40. Na5 Rc7 41. Qg3 f6 42. Nb3 Qf7 43. Qe1 Rd3 44. Qa5 Rc6 45. Qb4 Qc7 46. Qe1 Qd8 47. Na5 Rc7 48. Nb3 Rc8 49. Qb4 Rd1 50. Rc2 Qd3 51. Rb2 Qe3 52. Rc2 Qf4+ 53. g3 Qxf3 0-1

[Event "Vojvodina-chT"]
[Site "Kac"]
[Date "2014.11.08"]
[Round "1"]
[White "Ratkovic, Miloje"]
[Black "Kokeza, Mirko"]
[Result "0-1"]
[WhiteElo "2376"]
[BlackElo "2265"]
[PlyCount "82"]
[EventDate "2014.11.08"]
[EventType "team-tourn"]
[EventRounds "11"]
[EventCountry "SRB"]
[SourceTitle "EXT 2016"]
[Source "ChessBase"]
[SourceDate "2015.10.08"]
[SourceVersion "1"]
[SourceVersionDate "2015.10.08"]
[SourceQuality "1"]

1. d4 c5 2. e3 g6 3. Nf3 Bg7 4. Be2 Nf6 5. 0-0 0-0 6. d5 d6 7. c4 e5 8. Nc3 e4 9. Nd2 Re8 10. Rb1 a5 11. b3 h5 12. Bb2 Nbd7 13. Qc2 Ne5 14. Rfd1 Bf5 15. Nb5 h4 16. Bxe5 Rxe5 17. a3 Qd7 18. b4 axb4 19. axb4 h3 20. g3 Bg4 21. Nb3 b6 22. bxc5 bxc5 23. Ra1 Ree8 24. Rdb1 Bxe2 25. Qxe2 Ng4 26. Rxa8 Rxa8 27. Nxd6 Ne5 28. Nxe4 Qf5 29. Ned2 Ra2 30. e4 Qc8 31. Rd1 Qb8 32. Qe3 Qb4 33. d6 Bf8 34. f4 Nxc4 35. Nxc4 Rg2+ 36. Kh1 Qxc4 37. Qd3 Qa4 38. d7 c4 39. Qd4 Qa2 40. Nd2 Qc2 41. Rg1 Rxd2 0-1

[Event "Srpska Republic-chT 1st League"]
[Site "Banja Vrucica"]
[Date "2014.08.14"]
[Round "6.2"]
[White "Kokeza, Mirko"]
[Black "Stankovic, Milos"]
[Result "1-0"]
[WhiteElo "2236"]
[BlackElo "2416"]
[PlyCount "145"]
[EventDate "2014.08.09"]
[EventType "team-tourn"]
[EventRounds "9"]
[EventCountry "BIH"]
[SourceTitle "EXT 2016"]
[Source "ChessBase"]
[SourceDate "2015.10.08"]
[SourceVersion "1"]
[SourceVersionDate "2015.10.08"]
[SourceQuality "1"]
[WhiteTeam "Nova Topola"]
[BlackTeam "Termag Gorski"]
[WhiteTeamCountry "BIH"]
[BlackTeamCountry "BIH"]

1. d4 Nf6 2. c4 e6 3. Nc3 Bb4 4. a3 Bxc3+ 5. bxc3 d6 6. e3 0-0 7. Bd3 c5 8. Ne2 Nc6 9. 0-0 e5 10. e4 Qe7 11. d5 Na5 12. Ng3 b6 13. Rb1 Kh8 14. h3 Ng8 15. f4 f6 16. Rb2 Ba6 17. Nf5 Qd7 18. Ne3 exf4 19. Rxf4 Ne7 20. Rh4 Ng6 21. Rxh7+ Kxh7 22. Qh5+ Kg8 23. Qxg6 Qe8 24. Qg4 Bc8 25. Qh4 Qe5 26. Nd1 g5 27. Qe1 Bd7 28. Be3 Rae8 29. Re2 Ba4 30. Nf2 Qg3 31. Qc1 Bd7 32. Nh1 Qh4 33. Bf2 Qh6 34. Ng3 Nb7 35. Re1 Nd8 36. Be2 f5 37. exf5 Bxf5 38. h4 Re5 39. hxg5 Qh7 40. Be3 Bd3 41. Bf4 Rxe2 42. Nxe2 Qe4 43. Qe3 Re8 44. Ng3 Qxe3+ 45. Bxe3 Bxc4 46. Nh5 Re5 47. Kf2 Bxd5 48. Nf6+ Kf7 49. Rh1 Be4 50. Nxe4 Rxe4 51. Rh7+ Kg6 52. Rh6+ Kf5 53. Kf3 Re6 54. g4+ Ke5 55. Bf4+ Kd5 56. g6 Re8 57. g7 Rg8 58. Rh8 Rxg7 59. Rxd8 Kc4 60. Rxd6 Rf7 61. g5 Kxc3 62. g6 Rf8 63. g7 Rg8 64. Rd7 a6 65. Be5+ Kb3 66. Ra7 b5 67. Rxa6 c4 68. Ra5 c3 69. Rxb5+ Kc4 70. Rb4+ Kd3 71. Rb3 Kc2 72. Rxc3+ Kb1 73. Ke4 1-0

[Event "Zadar op-B 20th"]
[Site "Zadar"]
[Date "2013.12.19"]
[Round "7"]
[White "Kokeza, Mirko"]
[Black "Bozinovic, Bogdan"]
[Result "1-0"]
[WhiteElo "2227"]
[BlackElo "2248"]
[PlyCount "117"]
[EventDate "2013.12.15"]
[EventType "swiss"]
[EventRounds "9"]
[EventCountry "CRO"]
[SourceTitle "CBM 158 Extra"]
[Source "ChessBase"]
[SourceDate "2014.02.28"]
[SourceVersion "1"]
[SourceVersionDate "2014.02.28"]
[SourceQuality "1"]

1. Nf3 c5 2. b3 Nf6 3. Bb2 e6 4. e3 b6 5. d4 Bb7 6. Bd3 Nc6 7. 0-0 Be7 8. c4 d6 9. Nc3 0-0 10. Rc1 Re8 11. Bb1 Bf8 12. d5 exd5 13. Nxd5 Ne5 14. Ng5 Bxd5 15. cxd5 g6 16. f4 Neg4 17. e4 Ne3 18. Qf3 Nxf1 19. Rxf1 Bg7 20. e5 Nd7 21. e6 Bxb2 22. exf7+ Kh8 23. Qh3 Nf8 24. fxe8Q Qxe8 25. f5 Qe2 26. Bd3 Bd4+ 27. Kh1 Qe3 28. Qxe3 Bxe3 29. Nf7+ Kg7 30. Nxd6 Rd8 31. f6+ Kg8 32. Ne4 Nd7 33. d6 Ne5 34. Bb5 Kf7 35. Bc4+ Nxc4 36. bxc4 Re8 37. Nc3 Re6 38. Nb5 Rxf6 39. Re1 Bg5 40. g3 a6 41. d7 Re6 42. Rf1+ Ke7 43. Rd1 Kd8 44. Nd6 Be7 45. Nf7+ Kc7 46. d8Q+ Bxd8 47. Nxd8 Re4 48. h4 Rxc4 49. Ne6+ Kc6 50. Nf8 Rc3 51. Kg2 Rc2+ 52. Kf3 Rxa2 53. Nxh7 b5 54. Nf8 c4 55. Nxg6 Rh2 56. Ne5+ Kc5 57. Ng4 c3 58. Nxh2 b4 59. Ke3 1-0

[Event "Vojvodina-chT 2nd League"]
[Site "Stari Banovci"]
[Date "2013.11.07"]
[Round "6"]
[White "Kokeza, Mirko"]
[Black "Kovacevic, Dragan"]
[Result "0-1"]
[WhiteElo "2280"]
[BlackElo "2236"]
[PlyCount "96"]
[EventDate "2013.11.03"]
[EventType "team-tourn"]
[EventRounds "11"]
[EventCountry "SRB"]
[SourceTitle "EXT 2015"]
[Source "ChessBase"]
[SourceDate "2014.11.20"]
[SourceVersion "1"]
[SourceVersionDate "2014.11.20"]
[SourceQuality "1"]

1. d4 Nf6 2. c4 d6 3. Nc3 Nbd7 4. e4 e5 5. d5 Be7 6. Bd3 a6 7. Nge2 Nf8 8. Ng3 Ng6 9. Nf5 Bf8 10. g3 Ne7 11. Bg5 Nfg8 12. c5 f6 13. Be3 g6 14. cxd6 cxd6 15. Qa4+ Kf7 16. Nxe7 Bxe7 17. f4 Kg7 18. f5 Nh6 19. h3 Nf7 20. h4 Bd7 21. Qc2 b5 22. g4 b4 23. Ne2 Qb8 24. Qd2 Bb5 25. Bxb5 Qxb5 26. g5 Rac8 27. gxf6+ Bxf6 28. h5 gxf5 29. Rg1+ Kf8 30. Bh6+ Ke7 31. exf5 Qc4 32. Be3 Qe4 33. Kd1 Rc7 34. Rc1 Rhc8 35. Rxc7+ Rxc7 36. Ng3 Qf3+ 37. Ke1 Rc4 38. Qe2 Qxd5 39. Kf2 Bh4 40. f6+ Kxf6 41. Rf1 Ke7 42. Rd1 Qe6 43. Kg2 Qg4 44. Qxg4 Rxg4 45. Bf2 Ng5 46. Rh1 Ke6 47. Be1 Bxg3 48. Bxg3 Ne4 0-1